Navigating the materials world : (Record no. 5542)

MARC details
000 -LEADER
fixed length control field 01175nac a22002891u 4500
010 ## - LIBRARY OF CONGRESS CONTROL NUMBER
LC control number 2002108381
020 ## - INTERNATIONAL STANDARD BOOK NUMBER
International Standard Book Number 0120735512
035 ## - SYSTEM CONTROL NUMBER
System control number (DLC)12815008
082 00 - DEWEY DECIMAL CLASSIFICATION NUMBER
Classification number 620.11
Item number BAI
090 ## - LOCALLY ASSIGNED LC-TYPE CALL NUMBER (OCLC); LOCAL CALL NUMBER (OCLC)
-- 5542
-- 5542
100 ## - MAIN ENTRY--PERSONAL NAME
Personal name Baillie, Caroline.
245 00 - TITLE STATEMENT
Title Navigating the materials world :
Remainder of title a guide to understanding materials behavior /
Statement of responsibility, etc edited by Caroline Baillie, Linda Vanasupa.
246 30 - VARYING FORM OF TITLE
Title proper/short title Guide to understanding materials behavior
246 30 - VARYING FORM OF TITLE
Title proper/short title Understanding materials behavior
260 ## - PUBLICATION, DISTRIBUTION, ETC. (IMPRINT)
Place of publication, distribution, etc Amsterdam ;
-- Boston :
Name of publisher, distributor, etc Academic,c2003.
Date of publication, distribution, etc c2003.
300 ## - PHYSICAL DESCRIPTION
Extent xiii, 242 p. :
Other physical details ill. (some col.) ;
Dimensions 26 cm.
500 ## - GENERAL NOTE
General note Includes index.
500 ## - GENERAL NOTE
General note Distributer : Al-Ahram.
511 ## - PARTICIPANT OR PERFORMER NOTE
Participant or performer note Catalogued By : Mahitab.
650 #0 - SUBJECT ADDED ENTRY--TOPICAL TERM
Topical term or geographic name as entry element Materials science.
700 1# - ADDED ENTRY--PERSONAL NAME
Personal name Baillie, Caroline.
700 1# - ADDED ENTRY--PERSONAL NAME
Personal name Vanasupa, Linda.
856 41 - ELECTRONIC LOCATION AND ACCESS
Materials specified Table of contents
Uniform Resource Identifier <a href="http://www.loc.gov/catdir/toc/els051/2002108381.html">http://www.loc.gov/catdir/toc/els051/2002108381.html</a>
856 41 - ELECTRONIC LOCATION AND ACCESS
Materials specified Publisher description
Uniform Resource Identifier <a href="http://www.loc.gov/catdir/description/els051/2002108381.html">http://www.loc.gov/catdir/description/els051/2002108381.html</a>
942 ## - ADDED ENTRY ELEMENTS (KOHA)
Item type Book - Borrowing
Call number prefix 620.11BAI
Holdings
Withdrawn status Item status Damaged status Not for loan Home library Current library Shelving location Date acquired Source of acquisition Total Checkouts Total Renewals Full call number Barcode Date last seen Date last borrowed Koha item type
        Central Library Central Library First floor 30/10/2007 Purchase 1 1 620.11BAI 000007013 15/07/2025 09/07/2009 Book - Borrowing